000 00415 a2200157 4500
005 20250626152127.0
020 _a0-07-035605-X
082 _aLECT 658.4 KOO
100 _aKOONTZ, H.
245 _aEssentials of Management
250 _a5th Ed.
260 _aBoston,
_bMcGraw Hill,
_c1990.
300 _axxv, 530p.: ill.; chart, figure, table
_bIndex & Reference
_c24cm.
700 _aWEIHRICH, H.
942 _2ddc
_cBKS
999 _c3582
_d3582